欧洲国家与首都(双语) - Statistics

General Stats
  • This quiz has been taken 39 times
  • The average score is 84 of 180
Answer Stats
Hint Answer % Correct
国家 德国
91%
首都 柏林
88%
首都 巴黎
85%
国家 英国
82%
国家 法国
82%
国家 奥地利
82%
首都 伦敦
82%
首都 罗马
82%
国家 瑞典
79%
国家 立陶宛
79%
国家 白俄罗斯
79%
国家 乌克兰
79%
国家 爱尔兰
79%
国家 意大利
79%
首都 基辅
79%
国家 冰岛
76%
国家 挪威
76%
国家 芬兰
76%
国家 爱沙尼亚
76%
国家 俄罗斯
76%
国家 比利时
76%
国家 | 首都 卢森堡
76%
国家 瑞士
76%
国家 葡萄牙
76%
国家 塞尔维亚
76%
首都 斯德哥尔摩
76%
首都 布拉格
76%
首都 都柏林
76%
首都 雅典
76%
国家 丹麦
74%
国家 拉脱维亚
74%
国家 波兰
74%
国家 捷克
74%
国家 荷兰
74%
国家 列支敦士登
74%
国家 梵蒂冈
74%
国家 安道尔
74%
国家 西班牙
74%
国家 匈牙利
74%
国家 黑山
74%
国家 希腊
74%
首都 奥斯陆
74%
首都 莫斯科
74%
首都 华沙
74%
首都 阿姆斯特丹
74%
首都 马德里
74%
首都 里斯本
74%
国家 斯洛伐克
71%
首都 布鲁塞尔
71%
国家 | 首都 圣马力诺
68%
国家 斯洛文尼亚
68%
国家 克罗地亚
68%
国家 罗马尼亚
68%
首都 哥本哈根
68%
首都 赫尔辛基
68%
首都 明斯克
68%
首都 维也纳
68%
国家 阿尔巴尼亚
65%
国家 北马其顿
65%
国家 保加利亚
65%
首都 伯尔尼
65%
国家 摩尔多瓦
62%
国家 | 首都 摩纳哥
62%
国家 马耳他
62%
首都 雷克雅未克
62%
首都 布达佩斯
59%
首都 贝尔格莱德
53%
Country Germany
53%
首都 梵蒂冈城
50%
Country France
50%
Country UK
50%
首都 萨拉热窝
47%
首都 索菲亚
47%
首都 布加勒斯特
47%
Capital Berlin
47%
Country Finland
47%
Country Iceland
47%
Country Ireland
47%
Country Italy
47%
Country Norway
47%
Country Russia
47%
Country Spain
47%
Country Sweden
47%
国家 波斯尼亚和黑塞哥维那
44%
首都 里加
44%
Country Albania
44%
Country Austria
44%
Country Greece
44%
Country Hungary
44%
Capital | Country Monaco
44%
Capital Paris
44%
Country Poland
44%
Country Denmark
41%
Capital London
41%
Capital Moscow
41%
Country Serbia
41%
Country Slovakia
41%
Country Andorra
38%
Country Belarus
38%
Country Czech Republic
38%
Country Estonia
38%
Capital Kyiv
38%
Country Latvia
38%
Country Netherlands
38%
Country Romania
38%
Country Slovenia
38%
Country Ukraine
38%
Country Belgium
35%
Country Croatia
35%
Country Malta
35%
Capital Minsk
35%
首都 塔林
32%
Capital Madrid
32%
Country Moldova
32%
Country Portugal
32%
Capital Rome
32%
Country Vatican City
32%
首都 维尔纽斯
29%
首都 安道尔城
29%
Country Bulgaria
29%
Capital Dublin
29%
Capital Lisbon
29%
Country Lithuania
29%
Country Montenegro
29%
Capital Oslo
29%
Capital | Country San Marino
29%
Country Switzerland
29%
首都 萨格勒布
26%
Capital Amsterdam
26%
Capital Athens
26%
Country Liechtenstein
26%
Country North Macedonia
26%
Capital Vienna
26%
Capital Warsaw
26%
首都 布拉迪斯拉发
24%
首都 海牙
24%
首都 卢布尔雅那
24%
Capital Bern
24%
Country Bosnia and Herzegovina
24%
Capital | Country Luxembourg
24%
Capital Stockholm
24%
Capital Vatican City
24%
Capital Budapest
21%
Capital Copenhagen
21%
Capital Prague
21%
首都 基希讷乌
18%
首都 斯科普里
18%
Capital Helsinki
18%
Capital Riga
18%
首都 地拉那
15%
Capital Sofia
15%
Capital Brussels
12%
Capital Sarajevo
12%
首都 瓦杜兹
9%
首都 波德戈里察
9%
Capital Tallinn
9%
Capital Zagreb
9%
首都 瓦莱塔
6%
Capital Belgrade
6%
Capital Bratislava
6%
Capital Bucharest
6%
Capital Chisinau
6%
Capital Hague
6%
Capital Reykjavik
6%
Capital Skopje
6%
Capital Vilnius
6%
Capital Podgorica
3%
Capital Vaduz
3%
Capital Andorra la Vella
0%
Capital Ljubljana
0%
Capital Tirana
0%
Capital Valletta
0%
No matching quizzes found
Score Distribution
Percent of People with Each Score
Percentile by Number Answered
Your Score History
You have not taken this quiz